| 000 | 00448cam a2200169ua 4500 | ||
|---|---|---|---|
| 003 | OSt | ||
| 008 | 240220b |||||||| |||| 00| 0 eng d | ||
| 041 | _aeng | ||
| 082 |
_a631.43 _bPAC/SC |
||
| 100 |
_aPachepsky, Yakov . _96074 |
||
| 245 | 0 | 0 | _aScaling methods in soil physics / |
| 260 |
_aFlorida : _bCRC Press Inc. , _c2003. |
||
| 300 | _a434 ; . | ||
| 700 | 1 |
_aMagdi, Selim H . _96075 |
|
| 700 | 1 |
_aRadcliffe, David E . _96076 |
|
| 942 | _cBK | ||
| 999 |
_c13150 _d13150 |
||